Riḥlat al-ʻāʼilah al-muqaddasah fī arḍ Miṣr

محفوظ في:

المؤلف الرئيسي: Niyāfat al-Anbā Mittāʼūs.

مؤلفون آخرون: Fathi Saaid.

التنسيق: كتاب

اللغة: Undetermined

منشور في: Cairo : Dar Al Alam Alarabi, 1990.

الوسوم: إضافة وسم

لا توجد وسوم, كن أول من يضع وسما على هذه التسجيلة!

رقم الطلب: BT315.3 .R54

LEADER 00444nam a2200145Ia 4500
008 240329s9999||||xx |||||||||||||| ||und||
020 |a 9770006769 
050 4 |a BT315.3 .R54 
100 1 |a Niyāfat al-Anbā Mittāʼūs. 
245 1 0 |a Riḥlat al-ʻāʼilah al-muqaddasah fī arḍ Miṣr  |c Niyāfat al-Anbā Mittāʼūs 
264 1 |a Cairo :  |b Dar Al Alam Alarabi,  |c 1990. 
300 |a 64  |c 19 CM 
700 1 |a Fathi Saaid. 
942 |2 lcc  |c BK 
999 |c 57659  |d 57659